Los corregidores de Isabel la Católica

Guardat en:
Dades bibliogràfiques
Autor principal: Lunenfeld, Marvin (autor)
Format: Llibre
Idioma:espanyol
Publicat: Barcelona Editorial Labor 1989
Matèries:
Etiquetes: Afegir etiqueta
Sense etiquetes, Sigues el primer a etiquetar aquest registre!

MARC

LEADER 00000nam a2200000 a 4500
001 UCX5067
003 CL-VaPUC
008 920907e19890000SP |||||||||||||||||spa|d
082 0 4 |a 946.03  |b LUN  |2 21 
100 |a Lunenfeld, Marvin  |e autor  |9 321368 
245 1 4 |a Los corregidores de Isabel la Católica 
300 |a 287 p 
942 |c BK 
945 |d 19920907 00:00:00 
260 |a Barcelona  |b Editorial Labor  |c 1989 
600 0 7 |a ISABEL I, REINA DE ESPAÑA  |2 CL-VaPUC  |9 321369 
583 |a last modification  |c 19920907 00:00:00  |k Rodrigo Vera 
999 |c 225414  |d 225412 
952 |0 0  |1 0  |4 0  |6 946_030000000000000_LUN_1989  |7 0  |8 A  |9 222912  |a BIBHIS  |b BIBHIS  |d 2019-11-15  |i 2917076  |o 946.03 LUN 1989  |p 2917076  |r 2025-01-20  |w 2019-11-15  |y BK  |k HIS